Vědecký park - cesta k inovačnímu podnikání.

Rozhovor s riaditeľom divízie transferu technológií Pražského ústavu pokrokových studií PIAS o jeho úlohách v činnosti vedeckého parku. Vytváranie optimálnych podmienok pre podnikanie v ČR. Záujem zahraničných investorov na rozvoji vedy a výskumu. Pojem inovačnej aktivity a inovačného podnikania. Pr...

Descripción completa

Guardado en:
Detalles Bibliográficos
Autor principal: Čoupek, J.
Otros Autores: Hálek, Ivan, Skala, V.
Formato: Capítulo de libro
Lenguaje:checo
Materias:
Etiquetas: Agregar Etiqueta
Sin Etiquetas, Sea el primero en etiquetar este registro!

MARC

LEADER 00000naa a2200000 4500
001 r013524
005 20220405114106.4
041 0 |a cze 
044 |a CZ 
245 1 0 |a Vědecký park - cesta k inovačnímu podnikání.  |c J. Čoupek, Ivan Hálek, V. Skala 
520 |a Rozhovor s riaditeľom divízie transferu technológií Pražského ústavu pokrokových studií PIAS o jeho úlohách v činnosti vedeckého parku. Vytváranie optimálnych podmienok pre podnikanie v ČR. Záujem zahraničných investorov na rozvoji vedy a výskumu. Pojem inovačnej aktivity a inovačného podnikania. Projekt vedeckého parku v Prahe a jeho potenciálni klienti. 
610 2 0 |a parky vedeckotechnické 
610 2 0 |a inovácia 
610 2 0 |a podnikanie 
610 2 0 |a investície zahraničné 
610 2 0 |a Praha 
100 1 |a Čoupek, J. 
700 1 |a Hálek, Ivan 
700 1 |a Skala, V.